000 00490nam a2200193Ia 4500
003 OSt
005 20251219152309.0
008 220923b |||||||| |||| 00| 0 ben d
037 _cTB
040 _aARTS
_cARTS
_bben
041 _2ben
_aben
084 _aR5 157M1
_qAL
100 _aChattopadhayay
_9205289
245 0 _aRup , ras o sundar
260 _c1981
650 _aPHILOSOPHY
_9858142
942 _hR5, 157M11
_cTB
_2CC
_n0
999 _c448693
_d448693